| 000 | 00974cam a22002894a 4500 | ||
|---|---|---|---|
| 001 | 13797390 | ||
| 003 | OSt | ||
| 005 | 20160517095602.0 | ||
| 008 | 041123s2005 nyua b 001 0 eng | ||
| 010 | _a 2004027917 | ||
| 020 | _a0820476293 (pbk. : alk. paper) | ||
| 040 | _aSEKU | ||
| 042 | _apcc | ||
| 050 | 0 | 0 |
_aRC 280 _b.B8 2005 |
| 100 | 1 |
_aOrgad, Shani, _d1972- |
|
| 245 | 1 | 0 |
_aStorytelling online : _btalking breast cancer on the Internet / _cShani Orgad. |
| 260 |
_aNew York : _bPeter Lang, _cc2005. |
||
| 300 |
_axiv, 206 p. : _bill. ; _c23 cm. |
||
| 440 | 0 |
_aDigital formations ; _vv. 29 |
|
| 504 | _aIncludes bibliographical references (p. [191]-200) and index. | ||
| 650 | 0 |
_aBreast _xCancer _xComputer network resources. |
|
| 650 | 0 |
_aBreast _xCancer _xSocial aspects. |
|
| 650 | 0 |
_aInternet _xSocial aspects. |
|
| 650 | 0 | _aInternet in medicine. | |
| 856 | 4 | 1 |
_3Table of contents _uhttp://www.loc.gov/catdir/toc/ecip054/2004027917.html |
| 942 |
_2lcc _cGEN |
||
| 999 |
_c14074 _d14074 |
||